Can you really be carbon-neutral? (Record no. 78609)

MARC details
000 -LEADER
fixed length control field 01048cab a22002175a 4500
001 - CONTROL NUMBER
control field L137457
008 - FIXED-LENGTH DATA ELEMENTS--GENERAL INFORMATION
fixed length control field 070405s2007 xxk f 000 0 eng d
035 ## - SYSTEM CONTROL NUMBER
System control number (Sirsi) u137457
041 0# - LANGUAGE CODE
Language code of text/sound track or separate title eng
100 1# - MAIN ENTRY--PERSONAL NAME
Personal name Ponting, Lucy
245 00 - TITLE STATEMENT
Title Can you really be carbon-neutral?
260 ## - PUBLICATION, DISTRIBUTION, ETC.
Date of publication, distribution, etc. 2007
490 ## - SERIES STATEMENT
Series statement Environment Information Bulletin
Volume/sequential designation (167) April 2007, 13-16(4)
520 ## - SUMMARY, ETC.
Summary, etc. Examines the trend of high profile organisations pledging themselves to carbon-neutral policies. Discusses what such policies mean, their risks, whether it is a realistic goal and how they would fit into an organisation?s wider environmental and carbon reduction strategies. Suggests that tree planting projects should be avoided and notes that some environmental campaigners think these policies are a smokescreen to avoid legislation.
590 ## - LOCAL NOTE (RLIN)
Local note KA
650 24 - SUBJECT ADDED ENTRY--TOPICAL TERM
Topical term or geographic name entry element GREENHOUSE GASES
650 24 - SUBJECT ADDED ENTRY--TOPICAL TERM
Topical term or geographic name entry element CLIMATE CHANGE
651 #4 - SUBJECT ADDED ENTRY--GEOGRAPHIC NAME
Geographic name United Kingdom
Chronological subdivision
690 ## - LOCAL SUBJECT ADDED ENTRY--TOPICAL TERM (OCLC, RLIN)
Topical term or geographic name as entry element ENVIRONMENTAL AND LAND CONSULTANCY-ENVIRONMENTAL MANAGEMENT-ENVIRONMENTAL CONSERVATION
942 ## - ADDED ENTRY ELEMENTS (KOHA)
Suppress in OPAC 0
Holdings
Withdrawn status Lost status Source of classification or shelving scheme Damaged status Not for loan Home library Current library Shelving location Date acquired Total Checkouts Full call number Barcode Date last seen Copy number Price effective from Koha item type
    Dewey Decimal Classification     London London Journal article 05/04/2007   L137457 137457-1001 06/08/2019 1 06/08/2019 Journal article